00361pab a2200145 454500008004000000100001700040245006400057260000900121300001300130362000800143650001800151650001000169650001800179773001800197180718b2005 xxu||||| |||| 00| 0 eng d aDabhi, Jimmy aState, market and civil society in the era of globalisation c2005 ap.35-42. aMar aGlobalization aState aCivil society aSocial Change